000 00417pab a2200169 454500
008 180718b1971 xxu||||| |||| 00| 0 eng d
100 _aSingh, Partap
245 _aThe place of octroi in municipal tax structure in Haryana
260 _c1971
300 _ap.33-38.
362 _aOct-Dec
650 _aTaxation - India - Haryana
650 _aTaxation
773 _aNagarlok
908 _aN
909 _a102699
999 _c102697
_d102697